Discursos sobre las prácticas del graffiti en le periódico La Nación (2001-2010)/
Сохранить в:
| Главный автор: | |
|---|---|
| Формат: | |
| Язык: | Spanish |
| Метки: |
Добавить метку
Нет меток, Требуется 1-ая метка записи!
|
MARC
| LEADER | 00000nam a22000007a 4500 | ||
|---|---|---|---|
| 003 | cru CIDCACS/IIS | ||
| 005 | 20200925161140.0 | ||
| 007 | ta | ||
| 008 | 161116s2015 cr ||||| |||| 00| 0 spa d | ||
| 040 | |c CRAI/IIS |a CRAI/IIS | ||
| 100 | 1 | |9 551 |a Araya López, Alexander | |
| 245 | 1 | |a Discursos sobre las prácticas del graffiti en le periódico La Nación (2001-2010)/ |c Alexander Araya López | |
| 300 | |a páginas 91-108 | ||
| 773 | 0 | |0 18728 |9 150 |a Universidad de Costa Rica |d San José, Costa Rica Editorial UCR 1956- |o R19003 |t Revista de Ciencias Sociales/ | |
| 942 | |2 ddc |c PP | ||
| 999 | |c 18742 |d 18742 | ||
